Campeões do Brasileirão - Statistics

Estatísticas Gerais
  • Esse quiz foi jogado 304 vezes
  • A pontuação média é 65 de 68
Estatísticas das Respostas
Ano Campeão Vice-campeão Terceiro colocado Quarto colocado % Correto
1960 Palmeiras Fortaleza Fluminense Santa Cruz
99%
1967 (Taça Brasil) Palmeiras Náutico Grêmio Cruzeiro
99%
1967 (Robertão) Palmeiras Internacional Corinthians Grêmio
99%
1969 Palmeiras Cruzeiro Corinthians Botafogo
99%
1972 Palmeiras Botafogo Internacional Corinthians
99%
1973 Palmeiras São Paulo Cruzeiro Internacional
99%
1993 Palmeiras Vitória Corinthians São Paulo
99%
1994 Palmeiras Corinthians Guarani Atlético-MG
99%
2016 Palmeiras Santos Flamengo Atlético-MG
99%
2018 Palmeiras Flamengo Internacional Grêmio
99%
2022 Palmeiras Internacional Fluminense Corinthians
99%
2023 Palmeiras Grêmio Atlético-MG Flamengo
99%
1966 Cruzeiro Santos Náutico Fluminense
98%
2003 Cruzeiro Santos São Paulo São Caetano
98%
2013 Cruzeiro Grêmio Athletico-PR Botafogo
98%
2014 Cruzeiro São Paulo Internacional Corinthians
98%
1980 Flamengo Atlético-MG Internacional Coritiba
98%
1982 Flamengo Grêmio Guarani Corinthians
98%
1983 Flamengo Santos Atlético-MG Athletico-PR
98%
1992 Flamengo Botafogo Vasco Bragantino
98%
2009 Flamengo Internacional São Paulo Cruzeiro
98%
2019 Flamengo Santos Palmeiras Grêmio
98%
2020 Flamengo Internacional Atlético-MG São Paulo
98%
1970 Fluminense Palmeiras Atlético-MG Cruzeiro
97%
1984 Fluminense Vasco Grêmio Corinthians
97%
2010 Fluminense Cruzeiro Corinthians Grêmio
97%
2012 Fluminense Atlético-MG Grêmio São Paulo
97%
1961 Santos Bahia América-RJ Náutico
97%
1962 Santos Botafogo Internacional Sport
97%
1963 Santos Bahia Grêmio Botafogo
97%
1964 Santos Flamengo Ceará Palmeiras
97%
1965 Santos Vasco Náutico Palmeiras
97%
1968 (Robertão) Santos Internacional Vasco Palmeiras
97%
2002 Santos Corinthians Grêmio Fluminense
97%
2004 Santos Athletico-PR São Paulo Palmeiras
97%
1990 Corinthians São Paulo Grêmio Bahia
96%
1998 Corinthians Cruzeiro Santos Portuguesa
96%
1999 Corinthians Atlético-MG Vitória São Paulo
96%
2005 Corinthians Internacional Goiás Palmeiras
96%
2011 Corinthians Vasco Fluminense Flamengo
96%
2015 Corinthians Atlético-MG Grêmio São Paulo
96%
2017 Corinthians Palmeiras Santos Grêmio
96%
1977 São Paulo Atlético-MG Operário Londrina
96%
1986 São Paulo Guarani Atlético-MG América-RJ
96%
1991 São Paulo Bragantino Atlético-MG Fluminense
96%
2006 São Paulo Internacional Grêmio Santos
96%
2007 São Paulo Santos Flamengo Fluminense
96%
2008 São Paulo Grêmio Cruzeiro Palmeiras
96%
1974 Vasco Cruzeiro Santos Internacional
96%
1989 Vasco São Paulo Cruzeiro Botafogo
96%
1997 Vasco Palmeiras Internacional Atlético-MG
96%
2000 Vasco São Caetano Cruzeiro Grêmio
96%
1968 (Taça Brasil) Botafogo Fortaleza Cruzeiro Náutico
94%
1995 Botafogo Santos Cruzeiro Fluminense
94%
1981 Grêmio São Paulo Ponte Preta Botafogo
94%
1996 Grêmio Portuguesa Atlético-MG Goiás
94%
1975 Internacional Cruzeiro Fluminense Santa Cruz
94%
1976 Internacional Corinthians Atlético-MG Fluminense
94%
1979 Internacional Vasco Coritiba Palmeiras
94%
1959 Bahia Santos Grêmio Vasco
93%
1988 Bahia Internacional Fluminense Grêmio
93%
1987 Sport Guarani Flamengo Internacional
87%
1937 Atlético-MG Fluminense Rio Branco Portuguesa
84%
1971 Atlético-MG São Paulo Botafogo Corinthians
84%
2021 Atlético-MG Flamengo Palmeiras Fortaleza
84%
1978 Guarani Palmeiras Internacional Vasco
83%
1985 Coritiba Bangu Brasil de Pelotas Atlético-MG
80%
2001 Athletico-PR São Caetano Fluminense Atlético-MG
68%
Nenhum quiz correspondente encontrado
Distribuição das Pontuações
Porcentagem de Pessoas com Cada Pontuação
Percentil de Números Respondidos
Sua Pontuação Histórica
Você não jogou esse quiz